• 首页
  • 本馆介绍
  • 公告通知
  • 最新文献
  • 馆藏检索
  • 电子资源
  • 读者导购
  • 参考咨询
  • 我的图书馆
  • 登录
  • 详细信息显示
  • 放入我的书架
  • 预约/预借图书
  • 作者相关作品
  • 分类相关作品
  • 丛书相关作品
  • 出版社相关作品

书目信息

  • 表格格式
  • 工作单格式
  • 卡片格式
题名:
大探索
    
 
作者: 林兴宅 著
分册:  
出版信息: 福州   福建人民出版社  2000
页数: 10,370页
开本: 20cm
丛书名:
单 册:
中图分类: I0-02
科图分类:
主题词: 文艺理论:哲学理论
电子资源:
ISBN: 7-211-03698-2
000 00838nam0 2200229 450
001 110000005013
005 20051014112843.31
010    @a7-211-03698-2@dCNY19.80
100    @a20050222d2000 ekmy0chiy0120 ea
101 0  @achi
102    @aCN@b350000
105    @aa z 000yy
200 1  @a大探索@9da tan suo@e文艺哲学的现代转型@f林兴宅著@Flin xing zhai zhu
210    @a福州@c福建人民出版社@d2000
215    @a10,370页@c图@d20cm
330    @a本书运用马克思主义历史唯物观,对以蔡仪主编的《文学概论》为代表的旧文艺学体系进行反思,剖析了其缺陷与不足,用新的概念,新的文艺方法来阐释文艺活动的本质、规律、特性。
517 1  @a文艺哲学的现代转型@9wen yi zhe xue de xian dai zhuan xing
606 0  @a文艺理论:哲学理论
690    @aI0-02@v4
701  0 @a林兴宅@Alin xing zhai@4著
801  0 @aCN@bTSSF@c20051014
905    @a10447@dI0-02@e309
    
    大探索:文艺哲学的现代转型/林兴宅著.-福州:福建人民出版社,2000
    10,370页:图;20cm
    
    
    ISBN 7-211-03698-2:CNY19.80
    本书运用马克思主义历史唯物观,对以蔡仪主编的《文学概论》为代表的旧文艺学体系进行反思,剖析了其缺陷与不足,用新的概念,新的文艺方法来阐释文艺活动的本质、规律、特性。
●
相关链接 在E读中查询图书 在五车中查询图书 在当当中查询图书 在豆瓣中查询图书


正题名:大探索     索取号:I0-02/309         预约/预借

序号 登录号 条形码 馆藏地/架位号 状态 备注
1 0366783   3667838   第一样本阅览室/ [索取号:I0-02/309] 在馆    
2 0366784   3667847   第二借阅区/ [索取号:I0-02/309] 在馆    
3 0366785   3667856   第二借阅区/ [索取号:I0-02/309] 在馆    
4 0366786   3667865   第二借阅区/ [索取号:I0-02/309] 在馆    
5 0366787   3667874   第二借阅区/ [索取号:I0-02/309] 在馆    
唐山师范学院图书馆 欢迎您!
大连网信软件有限公司© 版权所有